000 00625nam a2200205Ia 4500
003 IN-BaIIA
008 211028s9999 xx 000 0 eng d
020 _a0-07-462210-2
040 _cIIA Library
080 _a621
_bKRI
100 _aKrishnamoorthy, C. S.
_923501
245 0 _aFinite element analysis
_bTheory and Programming
_cC. S. Krishnamoorthy
250 _a2nd ed.
260 _aNewDelhi
_bMcGraw-Hill
_c1994
300 _axvi, 710p.
650 _aIsoparametric Elements
_928301
650 _aPlate bending
_928302
650 _aStructural Mechanics
_927614
942 _cBK
999 _c15343
_d15343